Science Quiz

Random Science or Clickable Quiz

Treatment for Anemias Quiz Stats

 Plays Quiz not verified by Sporcle

Challenge
Share
Tweet
Embed
Score 0/18 Timer 10:00
0 Plays Today
% Correct
Hydroxyurea
85.5%
eat more greens, oral folate replacement (1mg
85%
Stay warm, transfusion, treat underlying disease
85%
Penicillin, Prevnar, Pneumovax, and folic acid
84.7%
oxygen and transfusion
84.7%
Oral ferroud sulfate, Vit C, Iron carbohydrate IM or IV
82%
Treat underlying disease, recombinant erythropoietin
75.2%
parenteral or IM B12, diet change
75.2%
incentive spirometry, pain control, IV hydration, O2 > 90%, antibiotics (macrolid and cephalosporin), and RBC transfusion to Hb= 10g
69.5%
% Correct
parenteral cyanocobalamin 2 to 3 times a week
65.4%
Hydration, anti-inflammatory, narcotics, and incentive spirometry
64.9%
Steroids, Splenectomy, Immunosuppression, transfusion, Rituximab
62.4%
avoid sunlight, afamelanotide, cholestyramine
61.7%
transfusion, Eculuzimab
60.9%
Parenteral cyanocobalamin daily for 1 week, weekly for 1 month, then monthly
57.1%
IV glucose, IV sodium, IV hemin, pain and seizure control, GnRH analogues, transdermal estradiol
56.4%
phlebotomy, Chloroquine
54.1%
Transfusion to Hb=10g
41.2%

You're not logged in!

Compare scores with friends on all Sporcle quizzes.
Join for Free
OR
Log In

You Might Also Like...

Show Comments

Extras

Created Feb 12, 2017ReportNominate
Tags:Clickable Quiz, treatment

Top Quizzes Today


Score Distribution

Your Account Isn't Verified!

In order to create a playlist on Sporcle, you need to verify the email address you used during registration. Go to your Sporcle Settings to finish the process.

Report this User

Report this user for behavior that violates our Community Guidelines.

Details: